Aleksander Zelwerowicz w Wilnie
| Titel: | Aleksander Zelwerowicz w Wilnie |
|---|---|
| Verfasser: | |
| In: |
Wilno teatralne, (1998), Seite 159-196 alle Artikel anzeigen |
| Veröffentlicht: | 1998 |
| Format: | Aufsatz |
| Sprache: | Polnisch |
X
alg: 39238409 001A $01999:11-11-16 001B $01999:28-04-17 $t14:57:12.000 001D $01999:11-11-16 001U $0utf8 001X $00 002@ $0Aox 003@ $0392384094 007A $0392384094 $aHEB 007T $0Herdc0020955v 010@ $apol 011@ $a1998 021A $aAleksander Zelwerowicz w Wilnie 028A $aOsterloff $dBarbara 031A $h159-196 $j1998 039B $aIn $8--Aau--. Wilno teatralne. - Wyd. 1. - Warszawa, 1998. - 511 S.. - Ill.. - ISBN 83-87789-02-X $x199800000000000841 $9091163048 lok: 39238409 78 exp: 39238409 78 1 #EPN 201B/01 $012-12-17 $t11:21:26.000 201U/01 $0utf8 203@/01 $0788481800 208@/01 $a11-11-16 $be 209A/01 $a/ $f000 $x00 220C/01 $aHerkunft: LII / T. Baranauskas 244Z/01 $2Trx $#Poola $#Lenkija $#Polija $#Polen Land $#Poland $#Lengyelország $#Poľsko $#Polsko $8--Trx--Polska$gkraj $x01 $9391345966 244Z/01 $2Trx $#Litauen $#Lithuania $#Litwa $#Litva $#Litva $8--Trx--Lietuva $x02 $9391193457 244Z/01 $#Wilna $#Wilna Vilnius $#Wilnjus $#Wilno $#Vilna $#Vilni $#Wilniuje $#Wilna $75057560-0 $8--Tg1--Vilnius $x03 $9044721684 244Z/01 $aGeschichte 1877-1955 $x04 244Z/01 $2Trx $8--Trx--Zelwerowicz, Aleksander$Z1877-1955 $x05 $9391082396 244Z/01 $2Trx $#näitlejad $#aktoriai $#actors $#színész $#aktorzy $#herci $#herci $#Filmschauspieler $#filmoví herci $8--Trx--Schauspieler $x06 $9391380567 244Z/01 $2Trx $#režissöörid $#režisieriai $#directors $#rendezök $#reżyserzy $#režiséri $#režiséři $8--Trx--Regisseure $x07 $9391376160 244Z/01 $2Trx $#igazgatók színház $#dyrektorzy teatru $#Theaterdirektoren $#Theaterintendaten $#theater director $8--Trx--Direktoren$gTheater $x08 $9391365711 244Z/01 $2Trx $8--Trx--Einzelbeiträge $x09 $9391384570 247C/01 $82080>Marburg/Lahn, Herder-Institut, Forschungsbibliothek, Bibliographieportal $9336309341
| LEADER | 00000caa a22000002c 4500 | ||
|---|---|---|---|
| 001 | 392384094 | ||
| 003 | DE-603 | ||
| 005 | 20170428145712.0 | ||
| 007 | tu | ||
| 008 | 161111s1998 xx |||| | u00||u|pol c | ||
| 035 | |a (DE-599)HEB392384094 | ||
| 040 | |a DE-603 |b ger |c DE-603 |d DE-603 | ||
| 041 | |a pol | ||
| 100 | 1 | |a Osterloff, Barbara | |
| 245 | 0 | 0 | |a Aleksander Zelwerowicz w Wilnie |
| 264 | 0 | |c 1998 | |
| 773 | 0 | 8 | |i In |t Wilno teatralne |b Wyd. 1 |d Warszawa, 1998 |h 511 S., Ill. |z 838778902X |z 8385161775 |z 8390887118 |g (1998), Seite 159-196 |w (DE-603)091163048 |
| 924 | 0 | |9 2080 |a (DE-603)788481800 |b DE-2080 |c HES |d d |g / | |


